UM Logo
Normal view MARC view
  • Multi-lingual education.

Entry Topical Term

Number of records used in: 2

001 - CONTROL NUMBER

  • control field: 32532

003 - CONTROL NUMBER IDENTIFIER

  • control field: OSt

005 - DATE AND TIME OF LATEST TRANSACTION

  • control field: 20181115114455.0

008 - FIXED-LENGTH DATA ELEMENTS

  • fixed length control field: 181115|| aca||aabn | a|a d

040 ## - CATALOGING SOURCE

  • Original cataloging agency: OSt
  • Transcribing agency: OSt

150 ## - HEADING--TOPICAL TERM

  • Topical term or geographic name entry element: Multi-lingual education.

670 ## - SOURCE DATA FOUND

  • Source citation: Work cat.: (OSt): Young, Catherine. 32531, Mother tongue-based multi-lingual education: , ©2016.